00688nam a2200193 i 450000100060000000300090000600500170001500700030003200800410003510000320007624500890010826000640019730000220026149000570028361100370034065100390037783000570041685200210047351903ES-MaACL20250815062636.0t|030820s1899 sp ||||1| spa d1 aDarwin, Charles,d1809-188210aViaje de un naturalista alrededor del mundo b: . Tomo primero /cpor Carlos Darwin. aMadrid : bLa España Moderna, c1899 (fAgustín Avrial) a251 p. ; c23 cm.1 aBiblioteca de jurisprudencia, filosofía e historia2 aBeagle Expedition. d(1831-1836) 4aAmérica del Sur-xDescripción.00aBiblioteca de jurisprudencia, filosofía e historia aES-MaACLjC-7304